000 00574cam a2200217 4500
001 315377
005 20180111072126.0
008 740529s1974 nyua b 001 0 eng
010 _a 74000078
020 _a0024208604
040 _aDLC
_cDLC
_dDLC
041 _aeng
080 _a631.42 SAM
082 0 0 _a631.42 SAM
100 1 _a53
101 _aECO
245 1 0 _aSoil fertility and fertilizers
_c[by] Samuel L. Tisdale [and] Werner L. Nelson.
504 _aIncludes bibliographies.
906 _a7
_bcbc
_corignew
_d1
_eocip
_f19
_gy-gencatlg
942 _2ddc
_cBK
999 _c40120
_d40120